00956nas a22002057i 45000010005000000030004000050050017000090070003000260080041000290240014000700240020000840400008001042450023001122600019001351100054001548660050002088660471002589420006007299990015007356222OSt20170216211006.0tu161220s xxu||||| |||| 00| 0 d7 a62222RID7 a62222RSN (alt) cOSt00aKIEP Working Paper aSeoul :bKIEP.2 aKorea Institute For International Economic Policy 0ueinzelne Hefte vorhanden, nicht katalogisiert 0uEinzeltitel der Serie nicht erfasst
letztes Heft: 2004/3
Bestände unvollständig
vorhanden
1999/9, 1999/19-23, 1999/25-26, 1999/28, 1999/30-32, 1999/34
2000/1-2, 2000/5-6, 2000/8-13
2001/1-5
2002/1-13, 2002/15-16, 2002/18
2003/1-5, 2003/7-12
2004/1-
fehlende Bestände:
1999/1-8, 1999/10-18, 1999/24/, 1999/27, 1999/29, 1999/33
2000/3-4, 2000/7
2002/14, 2002/17
2003/6
2004/12 bei Julia Wörz cP c5844d5844